000
00344 a2200157 4500
001
153205
040
_c
Escola São Tomás de Aquino
100
_a
SCLIAR, Moacyr
240
1
0
_a
Pra você eu conto
_l
por
245
1
0
_a
Pra você eu conto
300
_a
70
362
0
_a
2014
440
1
_a
Atual
697
_a
*LITERATURA JUVENIL
942
_c
BK
999
_c
153205
_d
153205